• 首页
  • 本馆介绍
  • 公告通知
  • 最新文献
  • 馆藏检索
  • 电子资源
  • 读者导购
  • 参考咨询
  • 我的图书馆
  • 登录
  • 详细信息显示
  • 放入我的书架
  • 预约/预借图书
  • 作者相关作品
  • 分类相关作品
  • 丛书相关作品
  • 出版社相关作品

书目信息

  • 表格格式
  • 工作单格式
  • 卡片格式
题名:
奥林匹克宪章
    
 
作者: 吴鹏
分册:  
出版信息: 北京   人民体育出版社  2001
页数: 100
开本: 20cm
丛书名:
单 册:
中图分类: G811.14
科图分类:
主题词: 体育事业--世界
电子资源:
ISBN: 7-80067-187-9
000 00491nam0 2200181 450
001 0736480453
005 20070817100800.46
010    @a7-80067-187-9@d¥16.00
100    @a20070817d km y0chiy0120 ea
101 0  @achi
200 1  @a奥林匹克宪章@Aao lin pi ke xian zhang@f吴鹏@Fwu peng
210    @a北京@c人民体育出版社@d2001
215    @a100@d20cm
606 0  @a体育事业@x世界
690    @aG811.14@v3
701  0 @a吴鹏@Awu peng
801  0 @aCN@bPFT@c20070817
905    @a213230@dG811.14@et14@f1
    
    奥林匹克宪章/吴鹏.-北京:人民体育出版社,2001
    100;20cm
    
    
    ISBN 7-80067-187-9:¥16.00
    
●
相关链接 在E读中查询图书 在五车中查询图书 在当当中查询图书 在豆瓣中查询图书


正题名:奥林匹克宪章     索取号:G811.14/t14         预约/预借

序号 登录号 条形码 馆藏地/架位号 状态 备注
1 6901504   269015040   密集书库-体育系/ [索取号:G811.14/t14] 在馆    
2 6901505   269015059   密集书库-体育系/ [索取号:G811.14/t14] 在馆    
唐山师范学院图书馆 欢迎您!
大连网信软件有限公司© 版权所有